Towards development of molecular markers for Phytophthora tolerance in rubber (Hevea brasiliensis) (Record no. 71408)

MARC details
000 -LEADER
fixed length control field 00689nam a2200193Ia 4500
100 ## - MAIN ENTRY--AUTHOR NAME
Personal name Saha T
245 #0 - TITLE STATEMENT
Title Towards development of molecular markers for Phytophthora tolerance in rubber (Hevea brasiliensis)
260 ## - PUBLICATION, DISTRIBUTION, ETC. (IMPRINT)
Name of publisher Phytophthora Diseases of Plantation Crops. (Eds. Jacob Mathew; C. Bindu Roy; C. Kuruvilla Jacob and N. Ramachandran).Westville Publishing House, New Delhi, pp.144-151.
500 ## - GENERAL NOTE
General note Source Year: 2015
650 ## - SUBJECT ADDED ENTRY--TOPICAL TERM
Topical Term DNA extraction
650 ## - SUBJECT ADDED ENTRY--TOPICAL TERM
Topical Term Molecular markers
650 ## - SUBJECT ADDED ENTRY--TOPICAL TERM
Topical Term RAPD marker generation
700 ## - ADDED ENTRY--PERSONAL NAME
Personal name Bini K
700 ## - ADDED ENTRY--PERSONAL NAME
Personal name Ravindran M
700 ## - ADDED ENTRY--PERSONAL NAME
Personal name Roy C B
700 ## - ADDED ENTRY--PERSONAL NAME
Personal name Thomas K U
942 ## - ADDED ENTRY ELEMENTS (KOHA)
Koha item type Journals
Holdings
Withdrawn status Lost status Damaged status Not for loan Home library Current library Shelving location Date acquired Koha item type
      Journals RRII Library RRII Library Pathology 01/01/2016 Journals